Статистические методы контроля качества: практикум; учебное пособие

Detalhes bibliográficos
Autor principal: Редько Л. А. Людмила Анатольевна
Autor Corporativo: Национальный исследовательский Томский политехнический университет (ТПУ)
Outros Autores: Редько В. В. Виталий Владимирович, Мойзес Б. Б. Борис Борисович
Resumo:В пособии изложены теоретические основы статистических методов контроля. Рассмотрены статистические методы: описательная статистика, построение доверительных интервалов, проверка статистических гипотез, выборочный контроль, методы статистического управления процессами. Приводятся задания с решениями, рекомендации по решению задач в программе Excel. Пособие подготовлено на кафедре физических методов и приборов контроля качества и предназначено для студентов, обучающихся по направлению 27.03.02 "Управление качеством" и 12.03.01 "Приборостроение".
Idioma:russo
Publicado em: Томск, Изд-во ТПУ, 2016
Assuntos:
Formato: Livro
KOHA link:https://koha.lib.tpu.ru/cgi-bin/koha/opac-detail.pl?biblionumber=340328

MARC

LEADER 00000nam0a2200000 4500
001 340328
005 20240117130132.0
010 |a 9785438707387 
035 |a (RuTPU)RU\TPU\book\367098 
090 |a 340328 
100 |a 20180315d2016 m y0rusy50 ca 
101 0 |a rus 
102 |a RU 
105 |a a j 001zy 
200 1 |a Статистические методы контроля качества  |e практикум  |e учебное пособие  |f Л. А. Редько, В. В. Редько, Б. Б. Мойзес  |g Национальный исследовательский Томский политехнический университет (ТПУ) 
210 |a Томск  |c Изд-во ТПУ  |d 2016 
215 |a 106 с.  |c ил. 
320 |a Библиогр.: с. 105 
330 |a В пособии изложены теоретические основы статистических методов контроля. Рассмотрены статистические методы: описательная статистика, построение доверительных интервалов, проверка статистических гипотез, выборочный контроль, методы статистического управления процессами. Приводятся задания с решениями, рекомендации по решению задач в программе Excel. Пособие подготовлено на кафедре физических методов и приборов контроля качества и предназначено для студентов, обучающихся по направлению 27.03.02 "Управление качеством" и 12.03.01 "Приборостроение". 
606 1 |a Статистический анализ  |2 stltpush  |3 (RuTPU)RU\TPU\subj\42258  |9 61945 
606 1 |a Промышленная продукция  |x Качество  |x Статистические методы изучения  |2 stltpush  |3 (RuTPU)RU\TPU\subj\52226  |9 70714 
610 1 |a описательная статистика 
610 1 |a данные 
610 1 |a графическое представление 
610 1 |a дискретные случайные величины 
610 1 |a непрерывные случайные величины 
610 1 |a вероятность 
610 1 |a законы распределения 
610 1 |a доверительные интервалы 
610 1 |a построение 
610 1 |a статистические гипотезы 
610 1 |a проверка 
610 1 |a контрольные карты 
610 1 |a программы 
610 1 |a Excel 
610 1 |a практикумы 
610 1 |a учебные пособия 
610 1 |a труды учёных ТПУ 
675 |a 519.23(076)  |v 4 
675 |a 658.562(076)  |v 4 
700 1 |a Редько  |b Л. А.  |c специалист в области качества  |c доцент Томского политехнического университета, кандидат технических наук  |f 1978-  |g Людмила Анатольевна  |3 (RuTPU)RU\TPU\pers\25946  |9 11796 
701 1 |a Редько  |b В. В.  |c специалист в области неразрушающего контроля  |c доцент Томского политехнического университета, кандидат технических наук  |f 1974-  |g Виталий Владимирович  |3 (RuTPU)RU\TPU\pers\26415  |9 12119 
701 1 |a Мойзес  |b Б. Б.  |c специалист в области машиностроения  |c доцент Томского политехнического университета, кандидат технических наук  |f 1975-  |g Борис Борисович  |3 (RuTPU)RU\TPU\pers\26722  |9 12380 
712 0 2 |a Национальный исследовательский Томский политехнический университет (ТПУ)  |c (2009- )  |3 (RuTPU)RU\TPU\col\15902 
801 1 |a RU  |b 63413507  |c 20180315 
801 2 |a RU  |b 63413507  |c 20180328  |g RCR 
942 |c BK